=LDR 00000nam 2200000 4500 =001 NUTBA000000000005874 =005 20141112102927.0 =006 =007 =008 =020 ##$$a 978-979-9314-65-9 =035 ##$$a 0010-111400000000353 =040 ##$$a NBPDMAT =082 ##$$a 613.2 =090 ##$$a 613.2 $b Sja d =100 ##$$a Sjahmien Mochyi =245 ##$$a Diet pencegah dan penyembuh 10 penyakit berbahaya mitos dan fakta / $c Sjahmien =260 ##$$a Depok : $b Papas Sinar Sinanti, $c 2012 =300 ##$$a 192 hlm. ; $c 21 cm. =650 ##$$a Diet